| 000 | 00388cam a2200169ua 4500 | ||
|---|---|---|---|
| 020 | _c6.75 | ||
| 041 |
_ahin _h |
||
| 082 |
_a891.54 _bUPE/CH |
||
| 100 | _aUpendranath ashk, . | ||
| 245 |
_aChetan / _cUpandranath. _hTextual Documents |
||
| 260 |
_a : _bNeelab prakashan , _c1964. |
||
| 300 | _a364 ; . | ||
| 365 | _a6.75 | ||
| 504 | _a | ||
| 942 | _cBK | ||
| 999 |
_c11662 _d11662 |
||